Detalles MARC
| 000 -CABECERA |
| campo de control de longitud fija |
01182nam a2200241 a 4500 |
| 001 - NÚMERO DE CONTROL |
| campo de control |
000034260 |
| 005 - FECHA Y HORA DE LA ÚLTIMA TRANSACCIÓN |
| campo de control |
20200930070919.0 |
| 008 - DATOS DE LONGITUD FIJA--INFORMACIÓN GENERAL |
| campo de control de longitud fija |
110929s2002 es abd 000 0 spa d |
| 020 ## - NÚMERO INTERNACIONAL ESTÁNDAR DEL LIBRO |
| Número Internacional Estándar del Libro |
8400080416 |
| 040 ## - FUENTE DE LA CATALOGACIÓN |
| Centro catalogador/agencia de origen |
DO-SdBNP |
| Lengua de catalogación |
spa |
| Centro/agencia transcriptor |
BNPHU |
| 049 ## - FONDOS LOCALES (OCLC) |
| Fondos de biblioteca |
BNPD |
| 100 1# - ENTRADA PRINCIPAL--NOMBRE DE PERSONA |
| Nombre de persona |
Pérez Yruela, Manuel |
| 9 (RLIN) |
59677 |
| 245 10 - MENCIÓN DE TÍTULO |
| Título |
Pobreza y exclusión social en Andalucía / |
| Mención de responsabilidad, etc. |
Manuel Pérez Yruela, Hilario Sáez Méndez y Manuel Trujillo Carmona ; equipo de investigación Luis Rodríguez Morcillo...[et.al] ; colaboradores Agustín Fleta, Ignacio Rejano. |
| 260 ## - PUBLICACIÓN, DISTRIBUCIÓN, ETC. |
| Lugar de publicación, distribución, etc. |
Cordoba : |
| Nombre del editor, distribuidor, etc. |
Consejo Superior de Investigaciones Científicas, |
| Fecha de publicación, distribución, etc. |
2002. |
| 300 ## - DESCRIPCIÓN FÍSICA |
| Extensión |
475 p. ; : |
| Otras características físicas |
il., gráf. map. ; |
| Dimensiones |
24 cm. |
| 490 1# - MENCIÓN DE SERIE |
| Mención de serie |
Politeya. Estudios de política y sociedad; |
| Designación de volumen o secuencia |
18 |
| 504 ## - NOTA DE BIBLIOGRAFÍA, ETC. |
| Nota de bibliografía, etc. |
Bibliográficas |
| 505 2# - NOTA DE CONTENIDO CON FORMATO |
| Título |
Pobreza y exclusión social: tipológías y análisis cuantitativo -- |
| -- |
Características de los procesos de exclusión social: análisis de las historias de vida |
| 700 1# - PUNTO DE ACCESO ADICIONAL--NOMBRE DE PERSONA |
| Nombre de persona |
Sáez Méndez, Hilario |
| 9 (RLIN) |
59678 |
| 700 1# - PUNTO DE ACCESO ADICIONAL--NOMBRE DE PERSONA |
| Nombre de persona |
Trujillo Carmona, Manuel |
| 9 (RLIN) |
59679 |
| 710 1# - PUNTO DE ACCESO ADICIONAL--NOMBRE DE ENTIDAD CORPORATIVA |
| Nombre de entidad corporativa o nombre de jurisdicción como elemento de entrada |
Instituto de Estudios Sociales Avanzados (España) |
| 9 (RLIN) |
59680 |
| 830 #0 - PUNTO DE ACCESO ADICIONAL DE SERIE-TÍTULO UNIFORME |
| Título uniforme |
Politeya. Estudios de política y sociedad ; |
| Designación de volumen o secuencia |
18 |
| 9 (RLIN) |
15695 |